000 00723nam a2200217Ia 4500
003 GCL
008 140319s9999 xx 000 0 ara d
020 _a2114210977
040 _aGCL /
_cGCL
082 0 4 _aط
_b525.3
_bا ع
100 1 _aاحمد فؤاد باشا
245 1 0 _aعلى مصطفى مشرفة :
_bمن رواد العلم فى القرن العشرين (1898-1950) /
_cاحمد فؤاد باشا
250 _aالاولى
260 _aالقاهرة :
_bدار الفكر العربى ،
_c1998
300 _a48 ص:
_bايض ؛
_c22 سم
650 0 4 _aالعلماء
650 0 4 _aالاطفال
650 0 4 _aالعلماء العرب
650 0 4 _aعلى مصطفى مشرفة
942 _2ddc
_cBK
999 _c9685
_d9685